000 00711nam a2200241 a 4500
001 BRCA_5303
005 20190320205026.0
008 021210s1948----gw-a######---#000-0#ger-#
041 _ager
044 _agw
050 4 _aND553
_b.G46 1948
245 1 0 _aGeorges Braque
_blandesamt für Museen, sammlung und ausstellung.
260 _aStuttgart, Alemania
_bGerd Hatje
_c1948
300 _a8 p.
_bil., 12 láminas
_c23 cm.
500 _aIncluye índice de ilustraciones
500 _aEstado físico: Encuadernación deteriorada
500 _aE81
504 _aBibliografía: p. [8]
600 1 4 _aBraque, Georges
_d1882-1963
_94931
650 1 4 _aPintores
_zFrancia
_913602
902 _aGFM
942 _2lcc
_cB
999 _c4997
_d4997